000 01349nam a2200253Ia 4500
001 23768
003 GE_BSU
008 181216s||||||||xx |||||||||||||| ||und||
040 _cGE_BSU
080 _a94(100)"1914-1918" + 94(=353.1)(560) + 327(479.22:560)
100 _aსურგულაძე, აბელ. სურგულაძე, კახაბერ
245 _aქართული ლეგიონი თურქეთში
245 _cრედ.: მალხაზ სიორიძე
250 _aბათუმის სახ. უნ-ტი, საქ. ისტორიის კათედრა.
260 _aბათუმი
260 _bაჭარა
260 _c1994
300 _a48გვ. ; 16სმ.
300 _eბიბლიოგრ. ტექსტის შენიშვნ..
541 _h3 ლ.
653 _aპირველი მსოფლიო ომი; ქართველები თურქეთში; "საქართველოს დამოუკიდებლობის კომიტეტი"; ქართული ლეგიონები თურქეთში; ქართული ლეგიონის ისტორია
653 _aქართული ლეგიონი თურქეთში
942 _cBK
999 _c56646
_d56646